00254 a2200109 4500001000700000020000600007040001100013100002800024240004400052245003900096362000900135163407 a  cMagnum aCanedo, Leticia Bicalho10aA classe operaria vai ao sindicatolpor10aA classe operaria vai ao sindicato0 a1899